| 000 | 00625nam a22002297a 4500 | ||
|---|---|---|---|
| 003 | LK-CoDNM | ||
| 005 | 20241009111333.0 | ||
| 008 | 241009b |||||||| |||| 00| 0 eng d | ||
| 040 |
_aLK-CoDNM _dLK-CoDNM _eLK-CoDNM |
||
| 041 | _aeng | ||
| 080 |
_a105 _bB42 |
||
| 100 | _a"Sasuna" Dhamma pitaya | ||
| 245 | _aSovan Maga Pilivetha - No 6 | ||
| 260 |
_aRattanapitiya _bHarimaga sammantrana sabhawa |
||
| 300 | _a27p. : 18 cm | ||
| 650 | _aSovan Maga Pilivetha - No 6 | ||
| 650 | _a"Sasuna" Dhamma pitaya | ||
| 650 | _aRattanapitiya | ||
| 650 | _aHarimaga sammantrana sabhawa | ||
| 650 | _a105B42 | ||
| 942 | _cBK | ||
| 999 |
_c218596 _d218596 |
||